000 00856nam a2200253 4500
001 136746
003 ES-MaACL
005 20250713063712.0
007 t|
008 070214e1957 sp r ||||1| spa d
080 _a821.134.1-94"19"
100 1 _aSagarra, Josep M. de,
_d1894-1961
_eaut
_9101415
245 1 0 _aMemorias /
_cJosep M. de Sagarra ; prólogo de Camilo José Cela ; traducción de Fernando Gutiérrez.
250 _a1.ª ed. castellana
260 _aBarcelona :
_bNoguer,
_c1957.
300 _aXXIII, 760 páginas ;
_c21 cm.
600 1 4 _aSagarra, Josep M. de,
_d1894-1961
_9101415
700 1 _aCela, Camilo José,
_d1916-2002
_eaui
_937336
700 1 _aGutiérrez, Fernando,
_d1911-1984
_etrl
_9156260
852 4 _aES-MaACL
_cSPAL
_jC-12490
942 _2udc
_cMONOGRAFIA
_n0
999 _c136746
_d136746